| 000 -ლიდერი |
| ფიქსირებული სიგრძის საკონტროლო ველი |
01621nam a22001817a 4500 |
| 003 - საკონტროლო ნომრის იდენტიფიკატორი |
| საკონტროლო ველი |
Ge_BSU |
| 005 - ბოლო ოპერაციის თარიღი და დრო |
| საკონტროლო ველი |
20230630122509.0 |
| 008 - ფიქსირებული სიგრძის მონაცემთა ელემენტები - ზოგადი ინფორმაცია |
| ფიქსირებული სიგრძის საკონტროლო ველი |
230630s1981 ge ||||| |||| 00| 0 geo d |
| 041 ## - ენის კოდი |
| Language code of text/sound track or separate title |
geo |
| 080 ## - უნივერსალური ათობითი კლასიფიკაციის ინდექსი |
| Universal Decimal Classification number |
902.2(479.221.1) ბ-88 |
| 245 ## - ცნობა სათაურის შესახებ |
| Title |
არქეოლოგიური გათხრები აღაიანსა და ძალისში : |
| Remainder of title |
ნაწ. 1, ნასტაკისის არქეოლოგიური ექსპედიციის შრომები / |
| Statement of responsibility, etc |
ალექსი ბოხოჩაძე; საქ. სსრ მეცნ. აკად., არქეოლ. კომ., ივ. ჯავახიშვილის სახ. ისტორიის, არქეოლოგ. და ეთნოგრ. ინ-ტის არქეოლოგ. კვლევ. ცენტრი. |
| 264 ## - წარმოების, გამოცემის, დისტრიბუციის და სხვა ცნობები |
| გამოცემის, წარმოების, დისტრიბუციის... ადგილი |
თბილისი : |
| გამოცემის, წარმოების, დისტრიბუციის... სახელწოდება |
მეცნიერება, |
| გამოცემის, წარმოების, დისტრიბუციის... თარიღი |
1981. |
| 300 ## - ფიზიკური აღწერა |
| Extent |
103 გვ. : |
| Other physical details |
ილ., 27 ფ. ილ. |
| Dimensions |
26 სმ. |
| 653 ## - INDEX TERM--UNCONTROLLED |
| Uncontrolled term |
არქეოლოგიური გათხრები ქართლში |
| 653 ## - INDEX TERM--UNCONTROLLED |
| Uncontrolled term |
ნასტაკისის არქეოლოგიური ექსპედიცია |
| 710 ## - ADDED ENTRY--CORPORATE NAME |
| Corporate name or jurisdiction name as entry element |
საქართველოს სსრ მეცნიერებათა აკადემია. |
| Subordinate unit |
ივ. ჯავახიშვილის სახ. ისტორიის, არქეოლოგიის და ეთნოგრაფიის ინსტიტუტი. არქეოლოგიის კვლევითი ცენტრი. |
| 9 (RLIN) |
19111 |
| 942 ## - ADDED ENTRY ELEMENTS (KOHA) |
| Source of classification or shelving scheme |
|
| Koha item type |
წიგნი |